مختار الأحاديث النبوية والحكم المحمدية / (رقم التسجيلة. 91178)

تفاصيل مارك
000 -الفاتح
عناصر البيانات ثابتة الطول 00658cam a2200169 i 4500
005 - تاريخ ووقت آخر معاملة
حقل ضبط 20251202110425.0
008 - عناصر البيانات ثابتة الطول
عناصر البيانات ثابتة الطول 250721s9999 gr 000 0 ara d
082 14 - رقم تصنيف ديوي العشري
رقم التصنيف 213.63
رقم المادة ه ا ش
100 1# - مدخل رئيسي – اسم شخصي
الاسم الشخصي الهاشمي، السيد احمد
علاقة الشخص بالعمل/ دوره مؤلف.
245 10 - بيان العنوان
العنوان مختار الأحاديث النبوية والحكم المحمدية /
بيان المسؤولية تأليف المرحوم السيد احمد الهاشمى.
264 1# - بيانات النشر، التوزيع…إلخ
مكان النشر، التوزيع...إلخ [غير معرف] :
اسم الناشر، الموزع...إلخ دار القلم،
تاريخ النشر، التوزيع...إلخ [غير معرف].
300 ## - الوصف المادي
عدد الوحدات المكونة للوعاء 204 صفحة.
650 17 - مدخل إضافي بالموضوع - مصطلح موضوعي
مصطلح موضوعي أو اسم جغرافي كعنصر مدخل الآحاديث الشريفة.
650 17 - مدخل إضافي بالموضوع - مصطلح موضوعي
مصطلح موضوعي أو اسم جغرافي كعنصر مدخل الأحكام الشرعية.
942 ## - بيانات إضافية (كوها)
نوع التنصيف Dewey Decimal Classification
نوع المادة (كوها) كتب
المقتنيات
حالة السحب حالة الفقدان مصدر التصنيف حالة التلف غير قابل للإعارة المكتبة الرئيسية المكتبة الحالية موقع الرف تاريخ التزويد الرقم المتسلسل Total Checkouts رقم الإستدعاء الباركود تاريخ آخر ظهور تاريخ الفاتورة نوع المادة (كوها)
    Dewey Decimal Classification     المكتبة المركزية المكتبة المركزية الإعارة 28/07/2025 849466   213.63 / ه ا ش 849466 28/07/2025 28/07/2025 كتب
    Dewey Decimal Classification   Not For Loan المكتبة المركزية المكتبة المركزية مقتنيات قسم التزويد 28/07/2025 849468   213.63/ هاش 849468 28/07/2025 28/07/2025 كتب
Withdrawn   Dewey Decimal Classification     مكتبة الأميرة سلمى مكتبة الأميرة سلمى الإعارة 28/07/2025 566347   213.63/ هاش 566347 28/07/2025 28/07/2025 كتب
Implemented & Customized by: BBB with SCIT (Smart Chains for Information Technology)

Powered by Koha